114 suras of Quran - Statistics

General Stats
  • This quiz has been taken 122 times
  • The average score is 14 of 114
Answer Stats
Order Name % Correct
1 Al-Fatiha
73%
2 Al-Baqara
67%
114 An-Nas
64%
112 Al-Ikhlas
45%
113 Al-Falaq
44%
4 An-Nisa
42%
19 Maryam
38%
12 Yusuf
31%
3 Ali-Imran
29%
108 Al-Kawthar
27%
105 Al-Fil
25%
5 Al-Maida
25%
27 An-Naml
25%
11 Hud
25%
14 Ibrahim
25%
18 Al-Kahf
24%
111 Al-Masad
24%
47 Muhammad
24%
110 An-Nasr
22%
36 Ya-Sin
20%
10 Yunus
20%
16 An-Nahl
18%
71 Nuh
18%
73 Al-Muzzammil
16%
20 Ta-Ha
16%
72 Al-Jinn
15%
109 Al-Kafirun
15%
78 An-Naba
15%
106 Quraysh
15%
87 Al-Ala
13%
6 Al-Anam
13%
103 Al-Asr
13%
17 Al-Isra
13%
107 Al-Maun
13%
67 Al-Mulk
13%
97 Al-Qadr
13%
68 Al-Qalam
13%
101 Al-Qaria
13%
55 Ar-Rahman
13%
50 Qaf
13%
100 Al-Adiyat
11%
7 Al-Araf
11%
25 Al-Furqan
11%
69 Al-Haqqah
11%
77 Al-Mursalat
11%
21 Al-Anbiya
9%
8 Al-Anfal
9%
29 Al-Ankabut
9%
90 Al-Balad
9%
98 Al-Bayyina
9%
104 Al-Humaza
9%
84 Al-Inshiqaq
9%
74 Al-Muddathir
9%
24 An-Nur
9%
91 Ash-Shams
9%
86 At-Tariq
9%
9 At-Tawba
9%
95 At-Tin
9%
34 Saba
9%
85 Al-Buruj
7%
89 Al-Fajr
7%
57 Al-Hadid
7%
22 Al-Hajj
7%
15 Al-Hijr
7%
76 Al-Insan
7%
92 Al-Layl
7%
54 Al-Qamar
7%
28 Al-Qasas
7%
53 An-Najm
7%
13 Ar-Rad
7%
102 At-Takathur
7%
35 Fatir
7%
40 Ghafir
7%
38 Sad
7%
70 Al-Maarij
5%
83 Al-Mutaffifin
5%
75 Al-Qiyama
5%
56 Al-Waqiah
5%
30 Ar-Rum
5%
61 As-Saff
5%
52 At-Tur
5%
31 Luqman
5%
80 Abasa
4%
59 Al-Hashr
4%
82 Al-Infitar
4%
45 Al-Jathiyah
4%
62 Al-Jumua
4%
63 Al-Munafiqun
4%
79 An-Naziat
4%
26 Ash-Shuara
4%
32 As-Sajdah
4%
96 At-Alaq
4%
81 At-Takwir
4%
65 At-Talaq
4%
44 Ad-Dukhan
2%
93 Adh-Dhuha
2%
46 Al-Ahqaf
2%
33 Al-Ahzab
2%
48 Al-Fath
2%
88 Al-Ghashiya
2%
94 Ash-Sharh
2%
37 As-Saffat
2%
64 At-Taghabun
2%
99 Az-Zalzalah
2%
43 Az-Zukhruf
2%
39 Az-Zumar
2%
51 Adh-Dhariyat
0%
49 Al-Hujurat
0%
23 Al-Mouminoun
0%
58 Al-Mujadila
0%
60 Al-Mumtahina
0%
42 Ash-Shura
0%
66 At-Tahrim
0%
41 Fusilat
0%
No matching quizzes found
Score Distribution
Percent of People with Each Score
Percentile by Number Answered
Your Score History
You have not taken this quiz